Fair trade for all how trade can promote development

Guardado en:
Detalles Bibliográficos
Autor principal: Stiglitz, Joseph E.
Otros Autores: Charlton, Andrew
Formato: Libro
Lenguaje:inglés
Publicado: xxvii, 315 s. Oxford University Press 2005
Materias:
Etiquetas: Agregar Etiqueta
Sin Etiquetas, Sea el primero en etiquetar este registro!

MARC

LEADER 00000nam$a2200000$$$4500
001 0047169
005 20240312115636.4
020 |a 0-19-929090-3 
041 0 |a eng 
044 |a GB 
245 1 0 |a Fair trade for all  |b how trade can promote development  |c Joseph E. Stiglitz and Andrew Charlton 
264 1 |a xxvii, 315 s.  |b Oxford University Press  |c 2005 
610 2 0 |a obchod medzinárodný 
610 2 0 |a politika obchodná 
610 2 0 |a rozvoj hospodársky 
610 2 0 |a trh 
610 2 0 |a liberalizácia 
610 2 0 |a vzťahy obchodné 
100 1 |a Stiglitz, Joseph E. 
700 1 |a Charlton, Andrew